000 00413cam a2200169 4500
001 D12134
008 090401t1917 xxu||||| |||| 00| 0 eng d
035 _a(Sirsi) u1348
041 _aeng
100 _aBlack, C Crofton
245 _aCorn Production Act 1917 with explanatory memorandum
260 _aLondon
_bThe Land Union
_c1917
350 _a0
520 _aShelf 151
942 _n0
948 _c04/03/1997
999 _c85660
_d85660